000 00701nam a2200193 a 4500
001 000001295
005 20240515122608.0
008 801208s1960 enk 000 0 eng
040 _aDO-SdBNP
_bspa
_cBNPHU
082 _a341.4
_bC592a, 1960.
100 1 _aClark, John Maurice,
_d1884-1963.
_94382
245 1 0 _aAlternative to serfdom :
_bfive lectures delivered on the william w. cook foundation at the of michigan march 1947 /
_cJohn Maurice Clark.
250 _a2a ed., rev.
260 _aNew York :
_bVintage,
_c1960.
300 _axvi, 161, vi p. ;
_c19 cm.
500 _aCinco conferencias dictadas en marzo 1947.
650 4 _aServidumbres (derecho)
_94383
650 0 _aPolítica económica
_984931
999 _c1234
_d1234